[Event "WchT Seniors 50"]
[Site "Hersonissos"]
[Date "2017.05.02"]
[Round "9.1"]
[White "Khalifman, Alexander"]
[Black "Cordes, Hans Joerg"]
[Result "1-0"]
[WhiteElo "2617"]
[BlackElo "2231"]
[PlyCount "53"]
[EventDate "2017.04.24"]
[EventType "team-swiss"]
[EventRounds "9"]
[EventCountry "GRE"]
[SourceTitle "CBM 178 Extra"]
[Source "ChessBase"]
[SourceDate "2017.06.22"]
[SourceVersion "1"]
[SourceVersionDate "2017.06.22"]
[SourceQuality "1"]
[WhiteTeam "St Petersburg"]
[BlackTeam "Offenbach"]
[WhiteTeamCountry "RUS"]
[BlackTeamCountry "GER"]

1. Nf3 d5 2. d4 e6 3. c4 a6 4. g3 dxc4 5. Bg2 c5 6. O-O Nc6 7. dxc5 Qxd1 8.
Rxd1 Bxc5 9. Nbd2 Nf6 10. Nxc4 Ng4 11. Nd6+ Ke7 12. Ne4 Ba7 13. b3 f5 14. Ba3+
Kf7 15. Nd6+ Kg6 16. e3 h6 17. h3 Nf6 18. Bb2 Rd8 19. Rac1 Nd5 20. Nxf5 exf5
21. Rxd5 Be6 22. Ne5+ Kh7 23. Nxc6 bxc6 24. Rxd8 Rxd8 25. Rxc6 Rd1+ 26. Kh2 Rd2
27. Bc1 1-0

[Event "Puhajarve rap op 18th"]
[Site "Puhajarve"]
[Date "2017.11.24"]
[Round "3"]
[White "Tobre, Andres"]
[Black "Khalifman, Alexander"]
[Result "0-1"]
[WhiteElo "1587"]
[BlackElo "2611"]
[PlyCount "56"]
[EventDate "2017.11.24"]
[EventType "tourn (rapid)"]
[EventRounds "35"]
[EventCountry "EST"]
[SourceTitle "CBM 181 Extra"]
[Source "ChessBase"]
[SourceDate "2017.12.12"]
[SourceVersion "1"]
[SourceVersionDate "2017.12.12"]
[SourceQuality "1"]

1. e4 c5 2. Nf3 d6 3. d4 cxd4 4. Nxd4 Nf6 5. Nc3 g6 6. Be3 Bg7 7. f3 O-O 8. Bc4
Nc6 9. Qd2 Bd7 10. O-O-O Rc8 11. Bb3 Ne5 12. g4 Nc4 13. Bxc4 Rxc4 14. Nb3 a5
15. Kb1 a4 16. Nc1 b5 17. h4 b4 18. Nd5 Nxd5 19. exd5 h5 20. Rh2 Qc7 21. Bh6
Rc8 22. Nd3 b3 23. c3 bxa2+ 24. Kxa2 a3 25. bxa3 Rxc3 26. Bxg7 Qc4+ 27. Kb2
Rb3+ 28. Ka2 Rxd3+ 0-1

[Event "LTU-chT"]
[Site "Lithuania"]
[Date "2018.01.27"]
[Round "1.1"]
[White "Khalifman, Alexander"]
[Black "Cibulskis, Vaclovas"]
[Result "1-0"]
[WhiteElo "2614"]
[BlackElo "1803"]
[PlyCount "87"]
[EventDate "2018.01.27"]
[EventType "team-swiss"]
[EventRounds "7"]
[EventCountry "LTU"]
[SourceTitle "EXT 2019"]
[Source "ChessBase"]
[SourceDate "2018.10.10"]
[SourceVersion "1"]
[SourceVersionDate "2018.10.10"]
[SourceQuality "1"]
[WhiteTeam "Kaunas Ezerelio"]
[BlackTeam "Rokiskis"]
[WhiteTeamCountry "LTU"]
[BlackTeamCountry "LTU"]

1. d4 d5 2. c4 e6 3. Nf3 Nf6 4. g3 Be7 5. Bg2 O-O 6. O-O b6 7. cxd5 exd5 8. Nc3
Bb7 9. Bf4 Nbd7 10. Rc1 c5 11. Ne5 cxd4 12. Qxd4 Bc5 13. Qa4 Nxe5 14. Bxe5 Qe7
15. Bxf6 Qxf6 16. b4 Bc6 17. Qb3 Bd4 18. Bxd5 Bxc3 19. Bxc6 Qxc6 20. Rxc3 Qb5
21. Rc4 Rac8 22. Rfc1 Rxc4 23. Qxc4 Qe5 24. Rd1 Qe7 25. Rd5 Rd8 26. e4 g6 27.
b5 Re8 28. Rd4 Rd8 29. a4 Rxd4 30. Qxd4 Qa3 31. Kg2 Qb3 32. g4 Qa3 33. e5 Qa2
34. h4 Qe6 35. Kg3 h6 36. f3 Kg7 37. Qd6 Qb3 38. Qf6+ Kg8 39. e6 Qxe6 40. Qxe6
fxe6 41. Kf4 Kf7 42. Ke5 Ke7 43. g5 h5 44. f4 1-0

[Event "LTU-chT"]
[Site "Lithuania"]
[Date "2018.01.28"]
[Round "2.1"]
[White "Chocenka, Dmitrijus"]
[Black "Khalifman, Alexander"]
[Result "0-1"]
[WhiteElo "2292"]
[BlackElo "2614"]
[PlyCount "86"]
[EventDate "2018.01.27"]
[EventType "team-swiss"]
[EventRounds "7"]
[EventCountry "LTU"]
[SourceTitle "EXT 2019"]
[Source "ChessBase"]
[SourceDate "2018.10.10"]
[SourceVersion "1"]
[SourceVersionDate "2018.10.10"]
[SourceQuality "1"]
[WhiteTeam "Vilnius Chess United"]
[BlackTeam "Kaunas Ezerelio"]
[WhiteTeamCountry "LTU"]
[BlackTeamCountry "LTU"]

1. e4 g6 2. d4 Bg7 3. Nf3 d6 4. c4 Bg4 5. Be2 Nc6 6. Be3 e5 7. d5 Bxf3 8. Bxf3
Nd4 9. Nc3 Ne7 10. Bg4 O-O 11. h4 h5 12. Bh3 Nc8 13. g4 Nb6 14. b3 Qxh4 15. g5
a5 16. a4 Nd7 17. Kf1 Nc5 18. f3 Ncxb3 19. Bg2 Nf5 20. Bf2 Qxg5 21. Qxb3 Ne3+
22. Bxe3 Qxe3 23. Re1 Qd3+ 24. Kf2 Bh6 25. Bf1 Qd2+ 26. Ne2 c6 27. Rd1 Qb4 28.
Qxb4 axb4 29. dxc6 bxc6 30. Rxd6 Rxa4 31. Rxc6 Ra3 32. Bh3 Be3+ 33. Kg3 Ra2 34.
f4 Rxe2 35. Kf3 Rc2 36. Kxe3 Rc3+ 37. Kf2 exf4 38. Bf1 Ra8 39. Rh3 Ra2+ 40. Kg1
Ra1 41. Rh2 Rg3+ 42. Rg2 h4 43. Rf6 h3 0-1

[Event "EU-ch 19th"]
[Site "Batumi"]
[Date "2018.03.17"]
[Round "1"]
[White "Khalifman, Alexander"]
[Black "Assaubayeva, Bibissara"]
[Result "1-0"]
[WhiteElo "2614"]
[BlackElo "2369"]
[PlyCount "123"]
[EventDate "2018.03.17"]
[EventType "swiss"]
[EventRounds "11"]
[EventCountry "GEO"]
[SourceTitle "CBM 184"]
[Source "ChessBase"]
[SourceDate "2018.05.16"]
[SourceVersion "1"]
[SourceVersionDate "2018.05.16"]
[SourceQuality "1"]

1. d4 Nf6 2. c4 g6 3. Nf3 Bg7 4. g3 O-O 5. Bg2 d6 6. O-O Nc6 7. Nc3 a6 8. Qd3
Bf5 9. e4 Bg4 10. Be3 Bxf3 11. Bxf3 Nd7 12. Bg2 e5 13. d5 Nd4 14. Ne2 Nc5 15.
Qd2 Nxe2+ 16. Qxe2 f5 17. b4 Nxe4 18. Bxe4 fxe4 19. Qg4 Qf6 20. Qxe4 Qf5 21.
Qxf5 gxf5 22. Rab1 b6 23. Bd2 e4 24. Kg2 Rfc8 25. Rfc1 Bd4 26. Rd1 Be5 27. f3
c6 28. Rbc1 b5 29. fxe4 fxe4 30. cxb5 cxb5 31. Kf2 Rc4 32. Rxc4 bxc4 33. Rc1
Rc8 34. Bc3 Rf8+ 35. Ke2 Bxc3 36. Rxc3 Rf5 37. Rxc4 Rxd5 38. Rxe4 a5 39. a4
axb4 40. Rxb4 Kf7 41. Rb7+ Kg6 42. Rb2 Ra5 43. Ra2 Kf5 44. Kd3 Ke5 45. Re2+ Kd5
46. Re4 Ra7 47. h4 h5 48. g4 hxg4 49. Rxg4 Ke6 50. h5 Kf5 51. Rd4 Ra5 52. h6
Kg6 53. Rh4 Kh7 54. Kc3 Ra8 55. Kb4 Rb8+ 56. Kc4 Ra8 57. Kb5 d5 58. a5 Rb8+ 59.
Kc5 Ra8 60. Ra4 d4 61. Kxd4 Kxh6 62. a6 1-0

[Event "EU-ch 19th"]
[Site "Batumi"]
[Date "2018.03.21"]
[Round "5"]
[White "Khalifman, Alexander"]
[Black "Bellaiche, Antony"]
[Result "1/2-1/2"]
[WhiteElo "2614"]
[BlackElo "2485"]
[PlyCount "132"]
[EventDate "2018.03.17"]
[EventType "swiss"]
[EventRounds "11"]
[EventCountry "GEO"]
[SourceTitle "CBM 184"]
[Source "ChessBase"]
[SourceDate "2018.05.16"]
[SourceVersion "1"]
[SourceVersionDate "2018.05.16"]
[SourceQuality "1"]

1. e4 c5 2. Nf3 e6 3. d4 cxd4 4. Nxd4 Nc6 5. Nc3 Qc7 6. g3 a6 7. Bg2 Nge7 8. a4
Nxd4 9. Qxd4 Nc6 10. Qc4 Be7 11. O-O O-O 12. Be3 Qa5 13. f4 d6 14. Rad1 Bd7 15.
Qb3 Qb4 16. Qxb4 Nxb4 17. Bc5 Nxc2 18. e5 dxc5 19. Rxd7 Rfe8 20. Rxb7 Rab8 21.
Rf2 Nb4 22. Rd2 Rxb7 23. Bxb7 Rb8 24. Be4 Rd8 25. Rxd8+ Bxd8 26. Kf2 f6 27.
exf6 Bxf6 28. Ke2 Kf7 29. Kd2 h6 30. b3 Ke7 31. Bf3 Kd7 32. Ne4 Bd4 33. Be2 a5
34. Bb5+ Ke7 35. Ke2 Nd5 36. Nd2 Nb6 37. Kd3 Kd6 38. Ke4 Bc3 39. Nf3 Nd5 40.
Bc4 Nf6+ 41. Kd3 Bb4 42. Ba6 Ng4 43. Bb7 Kc7 44. Ba8 Kb8 45. Bc6 Kc7 46. Be8
Nf2+ 47. Ke2 Ng4 48. Bh5 Nf6 49. Bg6 Ng4 50. Kd3 Kd6 51. Kc4 e5 52. Kb5 exf4
53. gxf4 Kd5 54. h4 Kd6 55. h5 Bc3 56. Nh4 Ne3 57. Be4 Bb4 58. Ng6 Nd1 59. Bf3
Nc3+ 60. Kc4 Nb1 61. Kd3 Nd2 62. Bd1 Nf1 63. Ne5 Nd2 64. Ng4 Nf1 65. Nf2 Nd2
66. Ng4 Kd5 1/2-1/2

[Event "EU-ch 19th"]
[Site "Batumi"]
[Date "2018.03.22"]
[Round "6"]
[White "Gabrielian, Artur"]
[Black "Khalifman, Alexander"]
[Result "1/2-1/2"]
[WhiteElo "2493"]
[BlackElo "2614"]
[PlyCount "34"]
[EventDate "2018.03.17"]
[EventType "swiss"]
[EventRounds "11"]
[EventCountry "GEO"]
[SourceTitle "CBM 184"]
[Source "ChessBase"]
[SourceDate "2018.05.16"]
[SourceVersion "1"]
[SourceVersionDate "2018.05.16"]
[SourceQuality "1"]

1. e4 c6 2. d4 d5 3. Nd2 dxe4 4. Nxe4 Bf5 5. Ng3 Bg6 6. c3 e6 7. Nh3 Bd6 8. Nf4
Nf6 9. h4 Qc7 10. Qf3 Nbd7 11. h5 Bc2 12. h6 g6 13. Bd3 Bxd3 14. Nxd3 Qa5 15.
Bf4 Bxf4 16. Qxf4 O-O-O 17. O-O g5 1/2-1/2

[Event "EU-ch 19th"]
[Site "Batumi"]
[Date "2018.03.24"]
[Round "7"]
[White "Khalifman, Alexander"]
[Black "Matinian, Nikita"]
[Result "1/2-1/2"]
[WhiteElo "2614"]
[BlackElo "2514"]
[PlyCount "120"]
[EventDate "2018.03.17"]
[EventType "swiss"]
[EventRounds "11"]
[EventCountry "GEO"]
[SourceTitle "CBM 184"]
[Source "ChessBase"]
[SourceDate "2018.05.16"]
[SourceVersion "1"]
[SourceVersionDate "2018.05.16"]
[SourceQuality "1"]

1. d4 Nf6 2. c4 g6 3. Nf3 Bg7 4. g3 O-O 5. Bg2 c6 6. Nc3 d5 7. cxd5 cxd5 8. Ne5
e6 9. O-O Nfd7 10. Nf3 Nc6 11. Bf4 Nf6 12. Rc1 Bd7 13. Bd6 Re8 14. e3 Rc8 15.
Ne5 h5 16. Nd3 Ne7 17. Qe2 Nf5 18. Ba3 Bc6 19. Rfd1 Bh6 20. Ne5 Nd7 21. Nxc6
Rxc6 22. Bh3 Qa5 23. Bxf5 exf5 24. Qb5 Qxb5 25. Nxb5 Rec8 26. b3 Bf8 27. Rxc6
bxc6 28. Rc1 a6 29. Bxf8 axb5 30. Bb4 f6 31. a4 bxa4 32. bxa4 Ra8 33. Rxc6 Rxa4
34. Bd2 Kf7 35. Rd6 Ke7 36. Rxd5 Nb6 37. Rb5 Nc4 38. Bc3 Kd7 39. Rb7+ Ke6 40.
Rg7 g5 41. d5+ Kxd5 42. Bxf6 g4 43. Kg2 Ra2 44. Bd4 Nd2 45. Rg5 Ke4 46. Rxh5
Nf3 47. h3 Ne1+ 48. Kg1 Nf3+ 49. Kg2 Ne1+ 50. Kg1 Nd3 51. hxg4 fxg4 52. Rh8
Nxf2 53. Rf8 Nh3+ 54. Kf1 Rc2 55. Ba7 Ra2 56. Bb6 Rb2 57. Ba7 Rb1+ 58. Ke2 Rb2+
59. Kf1 Ra2 60. Bb6 Rb2 1/2-1/2

[Event "EU-ch 19th"]
[Site "Batumi"]
[Date "2018.03.25"]
[Round "8"]
[White "Mikaelyan, Arman"]
[Black "Khalifman, Alexander"]
[Result "1/2-1/2"]
[WhiteElo "2486"]
[BlackElo "2614"]
[PlyCount "160"]
[EventDate "2018.03.17"]
[EventType "swiss"]
[EventRounds "11"]
[EventCountry "GEO"]
[SourceTitle "CBM 184"]
[Source "ChessBase"]
[SourceDate "2018.05.16"]
[SourceVersion "1"]
[SourceVersionDate "2018.05.16"]
[SourceQuality "1"]

1. d4 d5 2. c4 c6 3. Nc3 Nf6 4. Nf3 a6 5. c5 Bf5 6. Bf4 Nbd7 7. e3 Nh5 8. Be5
f6 9. Bg3 Nxg3 10. hxg3 Bg6 11. Bd3 Bxd3 12. Qxd3 g6 13. e4 e6 14. O-O-O Kf7
15. g4 Bg7 16. Rde1 b6 17. Qe3 Re8 18. Rxh7 Nf8 19. Rh3 bxc5 20. dxc5 Kg8 21.
g5 f5 22. e5 Qa5 23. Nd2 Nd7 24. Nb3 Qb4 25. f4 a5 26. Rd1 Qc4 27. Qf2 Reb8 28.
Rd4 Qa6 29. Na4 Rb4 30. Rxb4 axb4 31. Nb6 Nxb6 32. cxb6 Rb8 33. Kb1 Qxb6 34.
Qxb6 Rxb6 35. Nc5 Kf7 36. Rh7 Kg8 37. Rh3 Kf7 38. a4 bxa3 39. Rxa3 Bf8 40. Ra7+
Be7 41. Nb7 Ke8 42. Nd6+ Bxd6 43. exd6 Rb4 44. g3 Rb3 45. Re7+ Kd8 46. Rxe6
Rxg3 47. Rxg6 Kd7 48. Rf6 d4 49. Rxf5 Kxd6 50. b4 Rg4 51. Kc2 Ke6 52. Rc5 Kd6
53. Rf5 Ke6 54. Rf6+ Kd5 55. g6 Rg2+ 56. Kd3 Rg3+ 57. Kd2 Ke4 58. f5 Rg2+ 59.
Ke1 d3 60. Rxc6 Kxf5 61. b5 Ke4 62. b6 d2+ 63. Kd1 Kd3 64. Rd6+ Kc3 65. Rc6+
Kd3 66. Rd6+ Kc3 67. b7 Rg1+ 68. Ke2 Re1+ 69. Kf3 Re8 70. Kf4 Kc2 71. Rc6+ Kd3
72. Rd6+ Kc2 73. Kf5 d1=Q 74. Rxd1 Kxd1 75. g7 Kd2 76. Kf6 Rb8 77. Ke6 Ke3 78.
Kd6 Rg8 79. Kc7 Rxg7+ 80. Kb6 Rxb7+ 1/2-1/2

[Event "EU-ch 19th"]
[Site "Batumi"]
[Date "2018.03.26"]
[Round "9"]
[White "Khalifman, Alexander"]
[Black "Harutyunian, Tigran K"]
[Result "1/2-1/2"]
[WhiteElo "2614"]
[BlackElo "2501"]
[PlyCount "33"]
[EventDate "2018.03.17"]
[EventType "swiss"]
[EventRounds "11"]
[EventCountry "GEO"]
[SourceTitle "CBM 184"]
[Source "ChessBase"]
[SourceDate "2018.05.16"]
[SourceVersion "1"]
[SourceVersionDate "2018.05.16"]
[SourceQuality "1"]

1. Nf3 d5 2. g3 Nf6 3. Bg2 e6 4. O-O Be7 5. c4 O-O 6. d4 dxc4 7. Qc2 a6 8. a4
Bd7 9. Qxc4 Bc6 10. Bg5 a5 11. Nc3 Na6 12. Bxf6 Bxf6 13. e4 Nb4 14. Rfd1 Rc8
15. Ne1 Be7 16. Qe2 b6 17. e5 1/2-1/2

[Event "Liepajas Rokade Super"]
[Site "Liepaja"]
[Date "2018.08.04"]
[Round "2"]
[White "Fridman, Daniel"]
[Black "Khalifman, Alexander"]
[Result "1/2-1/2"]
[WhiteElo "2591"]
[BlackElo "2617"]
[PlyCount "74"]
[EventDate "2018.08.04"]
[EventType "tourn (rapid)"]
[EventRounds "9"]
[EventCountry "LAT"]
[EventCategory "12"]
[SourceTitle "CBM 185 Extra"]
[Source "ChessBase"]
[SourceDate "2018.07.29"]
[SourceVersion "1"]
[SourceVersionDate "2018.07.29"]
[SourceQuality "1"]

1. b3 g6 2. Bb2 Nf6 3. e4 Bg7 4. e5 Nd5 5. c4 Nb6 6. d4 d6 7. f4 dxe5 8. fxe5
O-O 9. Nf3 Bg4 10. Be2 c5 11. h3 Bxf3 12. Bxf3 Nc6 13. Bxc6 bxc6 14. O-O cxd4
15. Bxd4 Qd7 16. Bc3 Rad8 17. Nd2 f5 18. exf6 Bxf6 19. Bxf6 exf6 20. Nf3 Qxd1
21. Raxd1 c5 22. Rfe1 Kf7 23. Kf2 Nc8 24. g4 Rd6 25. g5 Rfd8 26. Rxd6 Nxd6 27.
gxf6 Kxf6 28. Re5 Re8 29. Rd5 Ne4+ 30. Kg2 g5 31. h4 h6 32. hxg5+ hxg5 33. Nh2
Nc3 34. Ng4+ Kg6 35. Rd6+ Kg7 36. Rd7+ Kg6 37. Rd6+ Kg7 1/2-1/2

[Event "Liepajas Rokade Super"]
[Site "Liepaja"]
[Date "2018.08.05"]
[Round "5"]
[White "Khalifman, Alexander"]
[Black "Laurusas, Tomas"]
[Result "1/2-1/2"]
[WhiteElo "2617"]
[BlackElo "2463"]
[PlyCount "22"]
[EventDate "2018.08.04"]
[EventType "tourn (rapid)"]
[EventRounds "9"]
[EventCountry "LAT"]
[EventCategory "12"]
[SourceTitle "CBM 185 Extra"]
[Source "ChessBase"]
[SourceDate "2018.07.29"]
[SourceVersion "1"]
[SourceVersionDate "2018.07.29"]
[SourceQuality "1"]

1. d4 d5 2. c4 c6 3. Nf3 Nf6 4. g3 g6 5. Bg2 Bg7 6. O-O O-O 7. b3 a5 8. Nc3 Bf5
9. Bb2 Nbd7 10. Rc1 Ne4 11. cxd5 Nxc3 1/2-1/2

[Event "Liepajas Rokade Super"]
[Site "Liepaja"]
[Date "2018.08.05"]
[Round "6"]
[White "Kantans, Toms"]
[Black "Khalifman, Alexander"]
[Result "0-1"]
[WhiteElo "2509"]
[BlackElo "2617"]
[PlyCount "68"]
[EventDate "2018.08.04"]
[EventType "tourn (rapid)"]
[EventRounds "9"]
[EventCountry "LAT"]
[EventCategory "12"]
[SourceTitle "CBM 185 Extra"]
[Source "ChessBase"]
[SourceDate "2018.07.29"]
[SourceVersion "1"]
[SourceVersionDate "2018.07.29"]
[SourceQuality "1"]

1. e4 e5 2. Nf3 Nf6 3. Nxe5 d6 4. Nf3 Nxe4 5. d4 d5 6. Bd3 Bd6 7. O-O O-O 8. c4
c6 9. Nc3 Nxc3 10. bxc3 dxc4 11. Bxc4 Bf5 12. Re1 Nd7 13. Bg5 Qa5 14. Qb3 b5
15. Bf1 Rae8 16. c4 Be6 17. Bd2 Qc7 18. Qc2 Bxc4 19. Bxc4 bxc4 20. Qxc4 h6 21.
Rec1 Rc8 22. Rc2 c5 23. Rac1 Qb7 24. Be3 Nb6 25. Qb5 cxd4 26. Nxd4 Ba3 27. Rxc8
Rxc8 28. Rxc8+ Qxc8 29. Nc6 Qe6 30. Nxa7 Nc4 31. Qb1 Nxe3 32. Qb8+ Kh7 33. fxe3
Qxe3+ 34. Kf1 Bc5 0-1

[Event "Liepajas Rokade Super"]
[Site "Liepaja"]
[Date "2018.08.05"]
[Round "8"]
[White "Khalifman, Alexander"]
[Black "Kulaots, Kaido"]
[Result "1/2-1/2"]
[WhiteElo "2617"]
[BlackElo "2554"]
[PlyCount "21"]
[EventDate "2018.08.04"]
[EventType "tourn (rapid)"]
[EventRounds "9"]
[EventCountry "LAT"]
[EventCategory "12"]
[SourceTitle "CBM 185 Extra"]
[Source "ChessBase"]
[SourceDate "2018.07.29"]
[SourceVersion "1"]
[SourceVersionDate "2018.07.29"]
[SourceQuality "1"]

1. d4 Nf6 2. c4 e6 3. Nf3 d5 4. Nc3 Bb4 5. Bg5 h6 6. Bxf6 Qxf6 7. e3 O-O 8. Rc1
dxc4 9. Bxc4 c5 10. O-O cxd4 11. Nxd4 1/2-1/2

[Event "EU-Cup 34th"]
[Site "Porto Carras"]
[Date "2018.10.12"]
[Round "1.1"]
[White "Schmidt, Martin1"]
[Black "Khalifman, Alexander"]
[Result "0-1"]
[WhiteElo "2028"]
[BlackElo "2617"]
[PlyCount "56"]
[EventDate "2018.10.12"]
[EventType "team-swiss"]
[EventRounds "7"]
[EventCountry "GRE"]
[SourceTitle "CBM 187"]
[Source "ChessBase"]
[SourceDate "2018.12.11"]
[SourceVersion "1"]
[SourceVersionDate "2018.12.11"]
[SourceQuality "1"]
[WhiteTeam "Dublin"]
[BlackTeam "Overtime"]
[WhiteTeamCountry "IRL"]
[BlackTeamCountry "LTU"]

1. e4 c5 2. Nf3 Nc6 3. d4 cxd4 4. Nxd4 g6 5. Nc3 Bg7 6. Be3 Nf6 7. Bc4 Qa5 8.
O-O O-O 9. Nb3 Qc7 10. Be2 d6 11. a3 Be6 12. Nd5 Bxd5 13. exd5 Ne5 14. Bd4 Rac8
15. Rc1 Bh6 16. f4 Nxd5 17. fxe5 dxe5 18. Bf2 Rfd8 19. Bd3 Bxc1 20. Qxc1 Nf4
21. Qe3 Nxd3 22. cxd3 Qb6 23. d4 Rc2 24. Qf3 Rxb2 25. Nc5 Rb1 26. dxe5 Rxf1+
27. Kxf1 Qb1+ 28. Be1 Qb5+ 0-1

[Event "EU-Cup 34th"]
[Site "Porto Carras"]
[Date "2018.10.13"]
[Round "2.1"]
[White "Khalifman, Alexander"]
[Black "Speelman, Jonathan S"]
[Result "1/2-1/2"]
[WhiteElo "2617"]
[BlackElo "2496"]
[PlyCount "62"]
[EventDate "2018.10.12"]
[EventType "team-swiss"]
[EventRounds "7"]
[EventCountry "GRE"]
[SourceTitle "CBM 187"]
[Source "ChessBase"]
[SourceDate "2018.12.11"]
[SourceVersion "1"]
[SourceVersionDate "2018.12.11"]
[SourceQuality "1"]
[WhiteTeam "Overtime"]
[BlackTeam "Wood Green"]
[WhiteTeamCountry "LTU"]
[BlackTeamCountry "ENG"]

1. d4 Nf6 2. c4 e6 3. Nf3 Bb4+ 4. Bd2 a5 5. g3 d6 6. Bg2 Nbd7 7. O-O e5 8. Be3
O-O 9. a3 exd4 10. Bxd4 Bc5 11. Nc3 Bxd4 12. Nxd4 Nb6 13. b3 c6 14. Qd3 Nfd7
15. a4 Nc5 16. Qc2 Qe7 17. Rad1 Re8 18. Rd2 Bd7 19. e4 Rad8 20. h3 Na8 21. Kh2
Nc7 22. f4 N7a6 23. Qd1 Nb4 24. Qf3 f6 25. Rfd1 Bc8 26. Re2 Qf7 27. Re3 f5 28.
exf5 Rxe3 29. Qxe3 Bxf5 30. Nxf5 Qxf5 31. Ne4 Nxe4 1/2-1/2

[Event "EU-Cup 34th"]
[Site "Porto Carras"]
[Date "2018.10.14"]
[Round "3.1"]
[White "Petenyi, Tamas"]
[Black "Khalifman, Alexander"]
[Result "1/2-1/2"]
[WhiteElo "2444"]
[BlackElo "2617"]
[PlyCount "38"]
[EventDate "2018.10.12"]
[EventType "team-swiss"]
[EventRounds "7"]
[EventCountry "GRE"]
[SourceTitle "CBM 187"]
[Source "ChessBase"]
[SourceDate "2018.12.11"]
[SourceVersion "1"]
[SourceVersionDate "2018.12.11"]
[SourceQuality "1"]
[WhiteTeam "Dunajska Streda"]
[BlackTeam "Overtime"]
[WhiteTeamCountry "SVK"]
[BlackTeamCountry "LTU"]

1. e4 c5 2. b3 g6 3. Bb2 Nf6 4. Bxf6 exf6 5. Nc3 Bg7 6. g3 O-O 7. Bg2 Nc6 8.
Nge2 d6 9. O-O f5 10. exf5 Bxf5 11. Rc1 Qa5 12. a4 Rae8 13. Nd5 Qd8 14. Ne3 Bc8
15. c3 Kh8 16. Nf4 Bh6 17. Nfd5 Bg7 18. Nf4 Bh6 19. Nfd5 Bg7 1/2-1/2

[Event "EU-Cup 34th"]
[Site "Porto Carras"]
[Date "2018.10.15"]
[Round "4.1"]
[White "Khalifman, Alexander"]
[Black "Petrov, Marian"]
[Result "1-0"]
[WhiteElo "2617"]
[BlackElo "2482"]
[PlyCount "95"]
[EventDate "2018.10.12"]
[EventType "team-swiss"]
[EventRounds "7"]
[EventCountry "GRE"]
[SourceTitle "CBM 187"]
[Source "ChessBase"]
[SourceDate "2018.12.11"]
[SourceVersion "1"]
[SourceVersionDate "2018.12.11"]
[SourceQuality "1"]
[WhiteTeam "Overtime"]
[BlackTeam "Eynatten"]
[WhiteTeamCountry "LTU"]
[BlackTeamCountry "BEL"]

1. Nf3 g6 2. e4 Bg7 3. d4 d6 4. c4 c5 5. Nc3 cxd4 6. Nxd4 Nc6 7. Be3 Nf6 8. Be2
O-O 9. O-O Bd7 10. Qd2 Nxd4 11. Bxd4 Bc6 12. f3 Nd7 13. Be3 a5 14. b3 Nc5 15.
Rac1 Qb6 16. Nd5 Bxd5 17. cxd5 Rfc8 18. Rfd1 Qb4 19. Rc2 Nd7 20. Rdc1 Rxc2 21.
Rxc2 Qxd2 22. Bxd2 Bd4+ 23. Kf1 Nc5 24. Bb5 Kg7 25. Ke2 h5 26. h4 e5 27. dxe6
Nxe6 28. Bc4 Bc5 29. Kd3 Nc7 30. a4 b6 31. Bc3+ Kf8 32. Bf6 Ne8 33. Bb2 Nc7 34.
g4 Ke7 35. gxh5 gxh5 36. Rg2 d5 37. Bxd5 Nxd5 38. exd5 Kd6 39. Rg5 Re8 40. Bc1
Re1 41. Bf4+ Kd7 42. Rf5 Rf1 43. Bg5 Ke8 44. Kc4 Rb1 45. Bh6 Be7 46. Rxh5 Rf1
47. Re5 Kd7 48. Rf5 1-0

[Event "EU-Cup 34th"]
[Site "Porto Carras"]
[Date "2018.10.16"]
[Round "5.1"]
[White "Saraci, Nderim"]
[Black "Khalifman, Alexander"]
[Result "1/2-1/2"]
[WhiteElo "2402"]
[BlackElo "2617"]
[PlyCount "60"]
[EventDate "2018.10.12"]
[EventType "team-swiss"]
[EventRounds "7"]
[EventCountry "GRE"]
[SourceTitle "CBM 187"]
[Source "ChessBase"]
[SourceDate "2018.12.11"]
[SourceVersion "1"]
[SourceVersionDate "2018.12.11"]
[SourceQuality "1"]
[WhiteTeam "Drejtesia"]
[BlackTeam "Overtime"]
[WhiteTeamCountry "KOS"]
[BlackTeamCountry "LTU"]

1. d4 Nf6 2. c4 e6 3. Nf3 d5 4. Nc3 Be7 5. Bf4 O-O 6. e3 c5 7. dxc5 Bxc5 8. a3
Nc6 9. cxd5 Nxd5 10. Nxd5 exd5 11. Bd3 Bd6 12. Bxd6 Qxd6 13. O-O Qf6 14. Nd4
Nxd4 15. exd4 Bf5 16. Bxf5 Qxf5 17. Re1 Qd7 18. Rc1 Rac8 19. Qd2 Rxc1 20. Rxc1
Rc8 21. Rxc8+ Qxc8 22. h3 h6 23. b3 b6 24. a4 a5 25. Kh2 Qc7+ 26. Kg1 Qc8 27.
Kh2 Qc7+ 28. Kg1 Qc8 29. Kh2 Qc7+ 30. Kg1 Qc8 1/2-1/2

[Event "EU-Cup 34th"]
[Site "Porto Carras"]
[Date "2018.10.17"]
[Round "6.1"]
[White "Khalifman, Alexander"]
[Black "Kjartansson, Gudmundur"]
[Result "1-0"]
[WhiteElo "2617"]
[BlackElo "2428"]
[PlyCount "75"]
[EventDate "2018.10.12"]
[EventType "team-swiss"]
[EventRounds "7"]
[EventCountry "GRE"]
[SourceTitle "CBM 187"]
[Source "ChessBase"]
[SourceDate "2018.12.11"]
[SourceVersion "1"]
[SourceVersionDate "2018.12.11"]
[SourceQuality "1"]
[WhiteTeam "Overtime"]
[BlackTeam "Reykjavik"]
[WhiteTeamCountry "LTU"]
[BlackTeamCountry "ISL"]

1. d4 d5 2. c4 e6 3. Nf3 Nf6 4. Nc3 c6 5. Bg5 h6 6. Bxf6 Qxf6 7. e3 Nd7 8. Bd3
Bd6 9. e4 dxe4 10. Nxe4 Bb4+ 11. Kf1 Qd8 12. c5 O-O 13. h4 e5 14. a3 Ba5 15.
dxe5 Bc7 16. e6 fxe6 17. Qc2 Rf4 18. Rd1 Qe8 19. Qe2 Qh5 20. b4 a5 21. Bc4 Ne5
22. Ng3 Qg4 23. Nxe5 Qxe2+ 24. Nxe2 Re4 25. f4 Bxe5 26. Rd8+ Kf7 27. Bd3 Rxf4+
28. Nxf4 Bxf4 29. b5 Ke7 30. Rg8 Kf7 31. Rd8 Ke7 32. Rg8 Kf7 33. Rh8 cxb5 34.
Bxb5 Rb8 35. Kf2 Ke7 36. Rd1 Bc7 37. Re8+ Kf7 38. Rd3 1-0

[Event "Puhajarve rap op 19th"]
[Site "Puhajarve"]
[Date "2018.11.24"]
[Round "9"]
[White "Khalifman, Alexander"]
[Black "Leito, Priit"]
[Result "1/2-1/2"]
[WhiteElo "2617"]
[BlackElo "2333"]
[PlyCount "39"]
[EventDate "2018.11.23"]
[EventType "tourn (rapid)"]
[EventRounds "35"]
[EventCountry "EST"]
[SourceTitle "CBM 187 Extra"]
[Source "ChessBase"]
[SourceDate "2018.11.04"]
[SourceVersion "1"]
[SourceVersionDate "2018.11.04"]
[SourceQuality "1"]

1. Nf3 c5 2. g3 d5 3. Bg2 Nc6 4. d4 e6 5. O-O Nf6 6. c4 Be7 7. dxc5 Bxc5 8. a3
O-O 9. b4 Be7 10. Nbd2 Bd7 11. Bb2 Rc8 12. Rc1 a6 13. Qb3 Qc7 14. Rfd1 Rfd8 15.
Qd3 Be8 16. Qb1 Qb8 17. e4 dxc4 18. Nxc4 b5 19. Rxd8 Rxd8 20. Nce5 1/2-1/2